000 01836nam a2200481 i 4500
001 38235
003 KOSZ 005
005 20201201123216.0
008 980306s1997 pl |000 0 pol
015 _aUWD 1998/2206
020 _a8387367095
035 _a991003463469705066
035 _a(PL-WaBN)b10930140-48omnis_nlop
035 _ab10930140
035 _a(OCoLC)751270497
035 _a(PL)b0000001093014
035 _a(EXLNZ-48OMNIS_NETWORK)9910366477105606
040 _aWA N
_cWA N
_dKOSZ 005/HR
046 _k1997
080 _a321.7"1945/..."
080 _a327"1945/..."
245 0 0 _aDemokracja w stosunkach międzynarodowych :
_bpraca zbiorowa /
_cpod red. Edwarda Haliżaka i Dariusza Popławskiego ; Fundacja Studiów Międzynarodowych, Uniwersytet Warszawski. Instytut Stosunków Międzynarodowych.
260 _aWarszawa :
_b"Scholar",
_c1997.
300 _a115 s. ;
_c24 cm.
336 _aTekst
_btxt
_2rdacontent
337 _aBez urządzenia pośredniczącego
_bn
_2rdamedia
338 _aWolumin
_bnc
_2rdacarrier
380 _aKsiążki
380 _aPublikacje naukowe
388 _a1901-2000
388 _a1989-2000
650 7 _aDemokracja
_2DBN
650 7 _aPolityka międzynarodowa
_2DBN
658 _aPolityka, politologia, administracja publiczna
700 1 _aHaliżak, Edward
_d(1950- )
_eRedakcja
700 1 _aPopławski, Dariusz
_eRedakcja
710 2 _aFundacja Studiów Międzynarodowych
710 2 _aInstytut Stosunków Międzynarodowych (Uniwersytet Warszawski)
710 2 _aWydawnictwo Naukowe "Scholar"
_4pbl
856 _uhttp://koha.tu.koszalin.pl/cgi-bin/koha/opac-detail.pl?biblionumber=38235
_yKatalog online BPK
942 _2UKD
_cKS
999 _c38235
_d38235